Grec ancien : nom des dieux et déesses - Statistiques

Statistiques générales
  • Ce quiz a été pris 70 fois
  • Le résultat moyen est 10 sur 13
Statistiques - réponses
Dieux et déesses Traduction en français % Correct
Ζεύς Zeus
100%
Ἄρτεμις Artémis
91%
Ἥρα Héra
89%
Ἄρης Arès
88%
Ἥφαιστος Héphaïstos
88%
Ἀπόλλων Apollon
80%
Ἀφροδίτη Aphrodite
79%
Ἀθηνᾶ | Ἀθήνη Athéna
76%
Ἑστία Hestia
76%
Διόνυσος Dionysos
71%
Ποσειδῶν Poséidon
65%
Δημήτηρ Déméter
64%
Ἑρμῆς Hermès
62%
Aucun quiz correspondant
Distribution des résultats
% des personnes avec chaque résultat
Percentile par nombre de réponses
Votre historique - résultats
Vous n’avez pas pris ce quiz